000 00974nam a22002897a 4500
001 4507
003 FISKH
005 20240912133231.0
008 240912b cb ||||| |||| 00| 0 eng d
020 _a0439449707
040 _aFISKH
_beng
_cFISKH
_dFISKH
050 _aPZ7.M85353
082 _a823.914
100 _aMoss, Miriam
_eauthor
245 _aSmudge's Grmpy Day /
_cby Miriam Moss : illustrated by Lynne Chapman
250 _aFirst Scholastic printing , December 2002
260 _aNew York :
_bScholastic ;
_c2001.
300 _a21 unnumbered pages :
_bcolor illustrations ;
_c24 cm .
505 _aJ
520 _aSmudge the mouse gets up on the wrong side of the bed but she soon figures out how to deal with a grumpy day and just who can make that happen.
521 8 _a500
_bLexile estimate
521 8 _aJ
_bRaz-Plus
650 _abad day
_vfiction
700 _aChapman, Lynne
_eauthor
942 _2ddc
_cBK
_n0
999 _c4507
_d4507